| 000 | 01161nam a2200241Ia 4500 | ||
|---|---|---|---|
| 001 | 9279 | ||
| 003 | GE_BSU | ||
| 008 | 181216s||||||||xx |||||||||||||| ||und|| | ||
| 040 | _cGE_BSU | ||
| 080 | _a821.353.1+821.353.1-82 | ||
| 100 | _aლორთქიფანიძე,ნიკო | ||
| 245 | _aთხზულებანი ოთხ ტომად. ტ.4 | ||
| 245 | _bპიესები, დაუმთავრებელი თხზულებები.პუბლიცისტური წერილები | ||
| 245 | _cსარედ. კოლ.გურამ გვერდწითელი და სხვა.ტომის რედ.ვ. ჯავახაძე | ||
| 260 | _aთბილისი | ||
| 260 | _bსაბჭოთა საქართველო | ||
| 260 | _c1981 | ||
| 300 | _a296გვ.20სმ. | ||
| 653 | _aმოთხრობები | ||
| 653 | _aპიესები, დაუმთავრებელი თხზულებები.პუბლიცისტური წერილები | ||
| 653 | _aრჩეული თხზულებანი | ||
| 942 | _cBK | ||
| 999 |
_c42578 _d42578 |
||